000 00591nam a2200265Ia 4500
001 Z_5761
003 CHAP
008 220113s2008 xx 000 0 und d
010 _a168867
020 _a968-5146-07-1
040 _cCHAP
082 _a830 F7
100 _aFrank, Ana
_9143146
245 _aEl diario de Ana Frank /
_cAna Frank
260 _aMéxico, D. F. :
_b Ediciones leyenda,
_c2008
300 _a236 p.
503 _ac/e
650 _aNovela alemana
_9134186
901 _a830 F7
902 _aA
910 _a2008
942 _c1
942 _cc1
999 _c168867
_d168867